000
00267nam a22001217a 4500
020
_a
0-72141547-4
082
_a
823
_b
BRA/U
100
_a
BRADBURY, LYNNE
245
_a
THE UGLY DUCKLING
260
_a
LONDON
_b
LADYBIRD
650
_a
ENGLISH SHORT STORY
_z
UK
942
_c
BK
999
_c
3979
_d
3979